100 Biggest Cities in Nigeria - Statistics

General Stats
  • This quiz has been taken 156 times
  • The average score is 18 of 100
Answers on the Map
Answers color-coded by a green-red scale on the quiz's map according to % correct below.
 
Answer Stats
Hint Answer % Correct
5,195,247 Lagos
97%
2,166,554 Kano
94%
107,069 Abuja
91%
1,835,300 Ibadan
79%
762,719 Benin City
77%
703,421 Port Harcourt
73%
993,642 Kaduna
51%
500,183 Aba
47%
510,300 Jos
46%
407,756 Enugu
43%
532,089 Ilorin
41%
618,278 Maiduguri
40%
329,639 Sokoto
40%
612,257 Zaria
40%
369,894 Oyo
37%
350,280 Onitsha
34%
363,382 Warri
31%
310,839 Calabar
30%
119,711 Owerri
27%
58,369 Uyo
27%
259,315 Katsina
26%
163,604 Gombe
24%
352,735 Abeokuta
21%
239,124 Akure
21%
206,537 Bauchi
21%
186,856 Ife
21%
189,191 Minna
20%
157,181 Owo
20%
156,122 Ado Ekiti
17%
184,674 Ikorodu
17%
141,724 Jimeta
16%
151,515 Makurdi
16%
433,030 Ogbomosho
16%
146,051 Ondo
16%
250,951 Oshogbo
16%
108,136 Ise
14%
170,936 Iseyin
14%
54,810 Yola
14%
142,363 Ede
13%
101,281 Gboko
13%
125,645 Iwo
13%
67,226 Jalingo
13%
147,167 Umuahia
13%
83,651 Abakaliki
11%
104,682 Awka
11%
111,245 Bida
11%
132,393 Gusau
11%
124,313 Ijebu Ode
11%
69,230 Nsukka
11%
312,775 Okene
11%
63,147 Birnin Kebbi
10%
79,387 Lafia
10%
128,900 Mubi
10%
127,513 Sagamu
10%
89,595 Shaki
10%
141,897 Damaturu
9%
69,719 Gashua
9%
65,966 Hadejia
9%
103,843 Ikare
9%
139,445 Ilesha
9%
134,773 Ugep
9%
73,569 Uromi
9%
65,437 Bama
7%
158,977 Effon Alaiye
7%
82,072 Funtua
7%
121,065 Nnewi
7%
81,558 Okrika
7%
83,218 Otukpo
7%
109,576 Sapele
7%
69,035 Azare
6%
82,865 Buguma
6%
69,931 Gbongan
6%
68,566 Igboho
6%
64,924 Ijebu Igbo
6%
76,565 Ikirun
6%
119,402 Ikot Ekpene
6%
77,972 Kishi
6%
63,994 Kontagora
6%
61,511 Nguru
6%
74,326 Offa
6%
105,075 Suleja
6%
69,366 Ejigbo
4%
58,612 Ikerre
4%
104,049 Ilawe Ekiti
4%
82,314 Inisa
4%
64,733 Nkpor
4%
85,250 Obosi
4%
105,127 Okpoko
4%
54,229 Effium
3%
95,365 Ijero
3%
111,435 Ikire
3%
89,861 Ila Orangun
3%
59,196 Ilobu
3%
59,918 Modakeke
3%
55,054 Ogaminan
3%
64,280 Okigwi
3%
70,756 Amaigbo
1%
62,817 Ifon
1%
56,129 Ishieke
1%
103,332 Sango Otta
1%
No matching quizzes found
Score Distribution
Percent of People with Each Score
Percentile by Number Answered
Your Score History
You have not taken this quiz